2007: NFL Teams with the Most Points - Statistics

General Stats
  • This quiz has been taken 8 times
  • The average score is 8 of 10
Answer Stats
Number of points NFL Team % Correct
589 New England Patriots
100%
393 Pittsburgh Steelers
100%
435 Green Bay Packers
86%
450 Indianapolis Colts
86%
412 San Diego Chargers
86%
455 Dallas Cowboys
71%
411 Jacksonville Jaguars
71%
393 Seattle Seahawks
71%
404 Arizona Cardinals
57%
402 Cleveland Browns
57%
No matching quizzes found
Score Distribution
Percent of People with Each Score
Percentile by Number Answered
Your Score History
You have not taken this quiz